<?xml version="1.0" encoding="UTF-8"?><?xml-stylesheet type="text/xsl" href="static/style.xsl"?><OAI-PMH xmlns="http://www.openarchives.org/OAI/2.0/" xmlns:xsi="http://www.w3.org/2001/XMLSchema-instance" xsi:schemaLocation="http://www.openarchives.org/OAI/2.0/ http://www.openarchives.org/OAI/2.0/OAI-PMH.xsd"><responseDate>2026-04-13T02:31:21Z</responseDate><request verb="GetRecord" identifier="oai:www.recercat.cat:2117/345846" metadataPrefix="marc">https://recercat.cat/oai/request</request><GetRecord><record><header><identifier>oai:recercat.cat:2117/345846</identifier><datestamp>2025-07-22T16:48:00Z</datestamp><setSpec>com_2072_1033</setSpec><setSpec>col_2072_452951</setSpec></header><metadata><record xmlns="http://www.loc.gov/MARC21/slim" xmlns:dcterms="http://purl.org/dc/terms/" xmlns:xsi="http://www.w3.org/2001/XMLSchema-instance" xmlns:doc="http://www.lyncode.com/xoai" xsi:schemaLocation="http://www.loc.gov/MARC21/slim http://www.loc.gov/standards/marcxml/schema/MARC21slim.xsd">
   <leader>00925njm 22002777a 4500</leader>
   <datafield ind2=" " ind1=" " tag="042">
      <subfield code="a">dc</subfield>
   </datafield>
   <datafield ind2=" " ind1=" " tag="720">
      <subfield code="a">Sánchez López, Javier</subfield>
      <subfield code="e">author</subfield>
   </datafield>
   <datafield ind2=" " ind1=" " tag="260">
      <subfield code="c">2021-02-19</subfield>
   </datafield>
   <datafield ind2=" " ind1=" " tag="520">
      <subfield code="a">Objetivo: Realizar  una  revisión  normativa  de  las  enfermedades  profesionales  en España, concretamente del RD 1299/2006para determinar que mejoras aporta respecto a la normativa anterior.&#xd;
Método: La primera fase es analizar que aporta la nueva lista de enfermedades del RD 1299/2006.  Para  ello  se  realizará  un  análisis  completo  de  dicha  ley,  haciendo  una comparación con la legislación anterior. En una segunda fase, se realizará un análisis estadístico    sobre    las    enfermedades    profesionales    con    baja,    notificadas    al sistema CEPROSS según tipo de grupo de enfermedad y condición socio-laboralentre los años 2000y 2019 para ver si hay algún cambio de tendencia con la entrada en vigor de la ley de 2006.Resultado: El nuevo cuadro incluye nuevas enfermedades hasta ahora no reconocidas, sin   embargo   siguen   existiendo   problemas   a   pesar   de   la   nueva   legislación: enfermedades  profesionales  que  aparecen  después  de  la  edad  de  jubilación,  o enfermedades con origen laboral, no contempladasen el listadoque se catalogan comoaccidente  de  trabajo. En  cuanto  a  notificación  de  enfermedades  profesionales  en España, en líneas generales presentan un descenso en su notificación.</subfield>
   </datafield>
   <datafield tag="653" ind2=" " ind1=" ">
      <subfield code="a">Àrees temàtiques de la UPC::Economia i organització d'empreses::Seguretat industrial::Prevenció de riscos laborals</subfield>
   </datafield>
   <datafield tag="653" ind2=" " ind1=" ">
      <subfield code="a">Occupational diseases</subfield>
   </datafield>
   <datafield tag="653" ind2=" " ind1=" ">
      <subfield code="a">Industrial hygiene -- Law and legislation</subfield>
   </datafield>
   <datafield tag="653" ind2=" " ind1=" ">
      <subfield code="a">Malalties professionals -- Espanya -- Legislació</subfield>
   </datafield>
   <datafield tag="653" ind2=" " ind1=" ">
      <subfield code="a">Salut en el treball -- Dret i legislació -- Espanya</subfield>
   </datafield>
   <datafield ind2="0" ind1="0" tag="245">
      <subfield code="a">Revisión normativa de las enfermedades profesionales en España, análisis de la ampliación del listado de 2006</subfield>
   </datafield>
</record></metadata></record></GetRecord></OAI-PMH>